10 to 1 Letter Word Chain. - Statistics

General Stats
  • This quiz has been taken 18 times
  • The average score is 5 of 10
Answer Stats
Hint Answer % Correct
Second brightest star in Orion Betelgeuse
100%
Composting bug Earthworm
71%
What sank the Titanic Iceberg
50%
Type of noodle Macaroni
50%
Perform an action Do
43%
Slang for “Oh” O
43%
Unhappy, depressed Sad
43%
You have two of these on your head Ears
36%
Machine Gadget
36%
Something you eat at Table
36%
No matching quizzes found
Score Distribution
Percent of People with Each Score
Percentile by Number Answered
Your Score History
You have not taken this quiz